000 00199 a2200097 4500
001 4502
100 _aCotton,H
245 _aApplied electricity
260 _a
_bCleaver-Hume
_c
090 _c3700
_d3700
942 _aNUST-CAE
_cM
_c29935
999 _c239575
_d239575